MANUFACTURING PROCESSES FOR ENGINEERING MATERIALS (Record no. 34172)

000 -LEADER
fixed length control field 00476nam a22001577a 4500
020 ## - INTERNATIONAL STANDARD BOOK NUMBER
International Standard Book Number 81-317-0245-6
082 ## - DEWEY DECIMAL CLASSIFICATION NUMBER
Classification number 670 KAL
100 ## - MAIN ENTRY--PERSONAL NAME
Personal name KALPAKJIAN, SEROPE
245 ## - TITLE STATEMENT
Title MANUFACTURING PROCESSES FOR ENGINEERING MATERIALS
250 ## - EDITION STATEMENT
Edition statement 4TH
260 ## - PUBLICATION, DISTRIBUTION, ETC.
Place of publication, distribution, etc. INDIA
Name of publisher, distributor, etc. PEARSON EDUCATION INDIA
Date of publication, distribution, etc. 2007
300 ## - PHYSICAL DESCRIPTION
Extent XIX, 954P
650 ## - SUBJECT ADDED ENTRY--TOPICAL TERM
Topical term or geographic name entry element MANUFACTURING PROCESSES FOR ENGINEERING MATERIALS.MANUFACTURING PROCESSES FOR ENGINEERING MATERIALS
700 ## - ADDED ENTRY--PERSONAL NAME
Personal name SCHMID, STENEN R.
942 ## - ADDED ENTRY ELEMENTS (KOHA)
Koha item type Book
Holdings
Withdrawn status Lost status Source of classification or shelving scheme Damaged status Not for loan Permanent Location Current Location Date acquired Total Checkouts Full call number Barcode Date last seen Price effective from Koha item type
          Central Library (CL) Central Library (CL) 07/29/2016   670 KAL SMME-BB172 04/02/2018 07/29/2016 Book
© 2023 Central Library, National University of Sciences and Technology. All Rights Reserved.